| 000 | 00504nam a22001697a 4500 | ||
|---|---|---|---|
| 003 | GBCCL | ||
| 005 | 20251202134857.0 | ||
| 008 | 170301b xxu||||| |||| 00| 0 eng d | ||
| 040 | _cgbc | ||
| 082 |
_aREF _a225.5954 _bPAI 1 |
||
| 245 | _aPaite-english parallel New Testament with Psalms & Proverbs | ||
| 260 |
_aColorado springs, Colorado, USA : _bBibles for the world, _cc2016. |
||
| 300 |
_a807p.; _emaps. |
||
| 630 |
_aBible- N.T. _9707 |
||
| 630 |
_aParallel Bible- Paite-English _9708 |
||
| 942 |
_2ddc _cREF |
||
| 999 |
_c668 _d668 |
||